[Event "Hessen-ch U14"]
[Site "Bad Homburg"]
[Date "2005.??.??"]
[Round "6"]
[White "Karbalaie, Ramin"]
[Black "Fuehrer, Tobias"]
[Result "1/2-1/2"]
[WhiteElo "1170"]
[BlackElo "1219"]
[PlyCount "111"]
[EventDate "2005.04.??"]
[EventType "swiss"]
[EventRounds "8"]
[EventCountry "GER"]
[SourceTitle "EXT 2007"]
[Source "ChessBase"]
[SourceDate "2006.11.23"]
[SourceVersion "1"]
[SourceVersionDate "2006.11.23"]
[SourceQuality "1"]

1. d4 d5 2. c4 dxc4 3. e3 Nf6 4. Bxc4 Nc6 5. Nc3 e6 6. Nf3 Bd7 7. 0-0 Bd6 8. Re1 e5 9. dxe5 Nxe5 10. Nxe5 Bxe5 11. Qb3 Qe7 12. Qxb7 0-0 13. Qb3 Rad8 14. Qc2 Bc6 15. Bd3 Bxh2+ 16. Kf1 Be5 17. f3 Qc5 18. Bd2 Bxc3 19. Bxc3 Rxd3 20. Kf2 Rfd8 21. Rad1 Rxd1 22. Rxd1 Rxd1 23. Qxd1 Nd5 24. Qd3 h6 25. Bd4 Nb4 26. Qb3 Qc2+ 27. Qxc2 Nxc2 28. Bxa7 Bd5 29. a4 Kf8 30. Bb8 c5 31. Bd6+ Ke8 32. Bxc5 Na1 33. b4 g6 34. a5 Nb3 35. Bd6 Kd7 36. Be5 Kc6 37. Bc3 Kb5 38. Kg3 Nc1 39. Kg4 Nd3 40. a6 Kxa6 41. Kg3 Kb5 42. e4 Be6 43. f4 Nxb4 44. Kf3 Nc6 45. g4 Kc5 46. Bf6 Nb8 47. f5 Bc4 48. Bg7 h5 49. fxg6 hxg4+ 50. Kxg4 fxg6 51. Kg5 Bf7 52. e5 Kd5 53. Kf4 Nd7 54. Bh8 Ke6 55. Bg7 Ke7 56. Bh6 1/2-1/2

[Event "Hessen-ch U14"]
[Site "Bad Homburg"]
[Date "2005.??.??"]
[Round "5"]
[White "Kurnatowski, Vitali"]
[Black "Karbalaie, Ramin"]
[Result "1/2-1/2"]
[WhiteElo "1354"]
[BlackElo "1170"]
[PlyCount "106"]
[EventDate "2005.04.??"]
[EventType "swiss"]
[EventRounds "8"]
[EventCountry "GER"]
[SourceTitle "EXT 2007"]
[Source "ChessBase"]
[SourceDate "2006.11.23"]
[SourceVersion "1"]
[SourceVersionDate "2006.11.23"]
[SourceQuality "1"]

1. b4 e5 2. Bb2 d6 3. e4 Nf6 4. d3 g6 5. Nf3 Bg7 6. Nbd2 0-0 7. c4 b6 8. g3 Bb7 9. b5 a6 10. a4 Nbd7 11. Nb3 Qe7 12. Ba3 Ra7 13. Bg2 Rfa8 14. Qc1 axb5 15. axb5 Qe8 16. 0-0 Rd8 17. Qc2 Raa8 18. Bb4 Bh6 19. Bd2 Bg7 20. Rfb1 Rxa1 21. Rxa1 Ra8 22. Qb2 Qd8 23. h3 Qe8 24. Ra3 Qd8 25. Be3 Qe8 26. Bf1 Qc8 27. Nbd2 Nf8 28. Qa2 Rxa3 29. Qxa3 Qb8 30. Kh2 Bc8 31. Ng1 Ne8 32. Qa2 Be6 33. h4 h6 34. Bh3 Kh7 35. Bxe6 Nxe6 36. Ndf3 Bh8 37. Ne2 Nf6 38. Kh3 Qc8 39. Qa6 Qd7 40. Kg2 Ng8 41. Qa7 Nc5 42. Bxc5 dxc5 43. Nc1 Bf6 44. Nh2 Be7 45. Nf1 Bd6 46. Ne3 Kg7 47. Qb7 Nf6 48. f3 Ne8 49. Nd5 Nf6 50. Ne3 h5 51. Ne2 Qd8 52. Nc3 Ne8 53. Ncd5 Kh7 1/2-1/2